LEADER 01393nam--2200421---450- 001 990002032430203316 005 20051014113457.0 035 $a000203243 035 $aUSA01000203243 035 $a(ALEPH)000203243USA01 035 $a000203243 100 $a20040927d1982----km-y0itay0103----ba 101 $aita 102 $aIT 105 $a||||||||001yy 200 1 $aGente di laguna$eideologia e istituzioni sociali dei hauve di San Mateo del Mar$fItalo Signorini$gcon saggi di Giorgio Raimondo Cardona, Carla maria Rita e Luigi Tranfo$gprefazione di Vinigi L. Grottanelli 210 $aMilano$cF. Angeli$d1982 215 $a283 p.$d22 cm 225 2 $aAntropologia culturale e sociale$iStudi e ricerche$v8 410 0$12001$aAntropologia culturale e sociale$iStudi e ricerche$v8 454 1$12001 461 1$1001-------$12001 607 $aHuave 676 $a572.9 700 1$aSIGNORINI,$bItalo$0143151 702 $aCARDONA,$bGiorgio Raimondo 702 $aRITA,$bCarla Maria 702 $aTRANFO,$bLuigi 801 0$aIT$bsalbc$gISBD 912 $a990002032430203316 951 $aIII.2. 904(VI C coll 16/8)$b9585 L.M.$cVI C 959 $aBK 969 $aUMA 979 $aSIAV7$b10$c20040927$lUSA01$h1910 979 $aCOPAT1$b90$c20051014$lUSA01$h1134 979 $aCOPAT1$b90$c20051014$lUSA01$h1134 996 $aGente di laguna$9510565 997 $aUNISA LEADER 01351nam--2200397---450- 001 990000588620203316 005 20091216161526.0 010 $a88-14-09010-6 035 $a0058862 035 $aUSA010058862 035 $a(ALEPH)000058862USA01 035 $a0058862 100 $a20010824d2001----km-y0itay0103----ba 101 $aita 102 $aIT 105 $a||||||||001yy 200 1 $a<>accertamento della filiazione naturale$eil giudizio di ammissibilità e di merito, la prova del DNA, la fecondazione artificiale ... 210 $aMilano$cGiuffrè$d2001 215 $aXIII, 244 p.$d22 cm 225 2 $aTeoria e pratica del diritto$hSez.1$i,Diritto e procedura civile$v95 410 0$12001$aTeoria e pratica del diritto$v95 606 $aFiliazione 676 $a346.45017 700 1$aTHOMAS,$bRoberto$0264135 801 0$aIT$bsalbc$gISBD 912 $a990000588620203316 951 $aXXV.1. Coll. 15/ 103 (Coll ZJ/I 95)$b30590 G.$cXXV.1. Coll. 15/ 103 (Coll ZJ/I)$d00075782 959 $aBK 969 $aGIU 979 $aANGELA$b90$c20010824$lUSA01$h1337 979 $aANGELA$b90$c20010824$lUSA01$h1340 979 $c20020403$lUSA01$h1708 979 $aPATRY$b90$c20040406$lUSA01$h1641 979 $aRSIAV4$b90$c20091216$lUSA01$h1615 996 $aAccertamento della filiazione naturale$9145050 997 $aUNISA